01025nam a2200265 a 4500008004100000020001500041050001400056100001400070245001700084246006300101260005600164300002300220350000900243500004100252650004600293650001500339650002400354650003700378650004700415700001500462710005500477995008800532999001700620952012200637120416s1984 ||||||||||||||||| || u a0710807457 aHD 75 Col aCole, Sam10aWorlds apart atechnology and north-south relations in the global economy aBrightonbWheatsheaf Books Rowman & Allanheldc1984 axviii, 283p : ill. a0.00 a'UNITAR.' -Bibliography: p. 267-277. 0aECONOMIC DEVELOPMENT--AFRICA, SUB-SAHARAN 0aMANAGEMENT aINCOME DISTRIBUTION 0aINTERNATIONAL ECONOMIC RELATIONS 0aECONOMIC FORECASTING--DEVELOPING COUNTRIES aMiles, Ian aUnited Nations Institute for Training and Research D0.00FCBU-MAIN LIBRARY (Kitwe)H1I40.00M1UAVAILABLEZAnnex Low-Usage Collection  c62197d62197 00102lcc4070a001b001cAnnex Low-Usage Collection d2022-11-30l0oHD 75 Colp004016r2022-11-30w2022-11-30y002